Statistics for The Maze runner trilogy cast

Click here to take the quiz!

General Stats

  • This quiz has been taken 86 times
    (48 since last reset)
  • The average score is 17 of 23

Answer Stats

ActorCharacter% Correct
Will PoulterGally
100%
Thomas Brodie-SangsterNewt
100%
Kaya ScodelarioTeresa
100%
Dylan O'BrienThomas
100%
Ki Hong leeMinho
98%
Blake CooperChuck
93%
Aml AmeenAlby
90%
Dexter DardenFrypan
90%
Alexander FloresWinston
88%
Rosa SalazarBrenda
83%
Aiden GillenJanson
81%
Patricia ClarksonAva paige
76%
jacob latimorejeff
76%
Giancarlo EspositoJorge
76%
Joe AdlerZart
76%
Jacob loflandAris
67%
Chris SheffieldBen
67%
Katherine McNamaraSonya
60%
Nathalie EmmanuelHarriet
57%
Barry pepperVince
48%
Lili taylorMary
45%
Walton GogginsLawrence
29%
Alan TudykMarcus
24%

Score Distribution

Percentile by Number Answered

Percent of People with Each Score

Your Score History

You have not taken this quiz since the last reset